000 00512nam a2200169 i 4500
001 81683
003 ES-MaACL
005 20230906174505.0
007 t|
008 041105s1961 sp ||||1| spa d
100 1 _aHulme, Kathryn.
_964697
245 1 3 _aEl lugar salvaje /
_cpor Kathryn Hulme ; [traducción de Enrique de Juan].
260 _aBuenos Aires ;
_aBarcelona :
_bPlaza & Janés,
_c[1961]
300 _a263 p. ;
_c25 cm.
700 1 _aJuan, Enrique de.
_967090
852 _aES-MaACL
_jC-19647
_bR.47391
999 _c81683
_d81683